[Event "POL-ch Rapid U18 Girls"]
[Site "Bydgoszcz"]
[Date "2023.08.30"]
[Round "10"]
[White "Figa, Karolina"]
[Black "Narwojsz, Helena"]
[Result "1-0"]
[WhiteElo "1635"]
[BlackElo "1183"]
[PlyCount "113"]
[EventDate "2023.08.28"]
[EventType "swiss"]
[EventRounds "11"]
[EventCountry "POL"]
[SourceTitle "EXT 2024"]
[Source "ChessBase"]
[SourceDate "2023.10.10"]
[SourceVersion "1"]
[SourceVersionDate "2023.10.10"]
[SourceQuality "1"]

1. d4 e6 2. c4 d5 3. Nc3 c6 4. Nf3 Nf6 5. g3 Bb4 6. Bg2 Nbd7 7. 0-0 0-0 8. a3 Bxc3 9. bxc3 dxc4 10. Nd2 b5 11. Bxc6 Rb8 12. a4 bxa4 13. Qxa4 a6 14. Ba3 Re8 15. Nxc4 Bb7 16. Bxb7 Rxb7 17. Nd6 Qc7 18. Nxb7 Qxb7 19. Rab1 Qa8 20. Rb3 e5 21. e3 exd4 22. cxd4 Qd5 23. Rfb1 h6 24. Qxa6 Ne4 25. Rb5 Qa2 26. R5b2 Qd5 27. Qb5 Qe6 28. Qd3 Nef6 29. Rb5 Ng4 30. Qf5 Qxf5 31. Rxf5 Ngf6 32. Rb3 Rc8 33. Be7 Ne4 34. Rb7 Ndf6 35. Bxf6 Nxf6 36. Rc5 Ra8 37. Rcc7 Rf8 38. Ra7 g5 39. f3 h5 40. h3 g4 41. hxg4 hxg4 42. Rc6 Kg7 43. Kf2 gxf3 44. Kxf3 Nd5 45. e4 Nb4 46. Rc4 Rb8 47. Rcc7 Rf8 48. Ke3 Kg6 49. Rab7 Na6 50. Rc6+ Kg5 51. Rxa6 Kg4 52. Kf2 Rc8 53. Ra2 Rc4 54. Rd2 Rc3 55. Rxf7 Kh3 56. Rf3 Rc8 57. Rf4 1-0

[Event "POL-ch Rapid U18 Girls"]
[Site "Bydgoszcz"]
[Date "2023.08.29"]
[Round "1"]
[White "Wysocka, Maja"]
[Black "Figa, Karolina"]
[Result "1/2-1/2"]
[WhiteElo "1063"]
[BlackElo "1635"]
[PlyCount "118"]
[EventDate "2023.08.28"]
[EventType "swiss"]
[EventRounds "11"]
[EventCountry "POL"]
[SourceTitle "EXT 2024"]
[Source "ChessBase"]
[SourceDate "2023.10.10"]
[SourceVersion "1"]
[SourceVersionDate "2023.10.10"]
[SourceQuality "1"]

1. d4 d5 2. c4 e6 3. Bf4 Nf6 4. e3 c6 5. Nf3 Bd6 6. Bxd6 Qxd6 7. Ne5 Nbd7 8. Nf3 0-0 9. Bd3 b6 10. Nc3 a5 11. 0-0 Ba6 12. b3 c5 13. cxd5 exd5 14. Bxa6 Rxa6 15. a4 Re8 16. Nb5 Qc6 17. Rc1 Ne4 18. Nd2 Ndf6 19. Nxe4 Nxe4 20. f3 Nd6 21. Qd3 c4 22. bxc4 dxc4 23. d5 Qc5 24. Qa3 Qxa3 25. Nxa3 Rxe3 26. Nxc4 Nxc4 27. Rxc4 g6 28. Rd1 Ra8 29. d6 Rd8 30. d7 Kf8 31. Rc6 Re6 32. Rxe6 fxe6 33. Rd6 Ke7 34. Rxb6 Rxd7 35. Ra6 Rd5 36. Ra7+ Kf6 37. Kf2 h5 38. Ke3 Ke5 39. f4+ Kf6 40. h3 g5 41. g3 h4 42. fxg5+ Kxg5 43. g4 Re5+ 44. Kd4 Rd5+ 45. Ke3 Kf6 46. Rh7 Kg5 47. Rh5+ Kf6 48. Rxh4 Re5+ 49. Kf4 Rc5 50. Rh5 Rc4+ 51. Ke3 Rxa4 52. Kf3 Kg6 53. Rb5 Kf6 54. g5+ Kg6 55. Rb6 Kxg5 56. Rxe6 Rf4+ 57. Kg3 a4 58. Ra6 Rb4 59. Ra5+ Kf6 1/2-1/2

[Event "Bohumin op-B 6th"]
[Site "Bohumin"]
[Date "2023.07.08"]
[Round "8"]
[White "Gajda, Rostislav"]
[Black "Figa, Karolina"]
[Result "0-1"]
[WhiteElo "1619"]
[BlackElo "1415"]
[PlyCount "61"]
[EventDate "2023.07.01"]
[EventType "swiss"]
[EventRounds "9"]
[EventCountry "CZE"]
[SourceTitle "EXT 2024"]
[Source "ChessBase"]
[SourceDate "2023.10.10"]
[SourceVersion "1"]
[SourceVersionDate "2023.10.10"]
[SourceQuality "1"]

1. e4 c6 2. Nc3 d5 3. Nf3 dxe4 4. Nxe4 Nf6 5. Qe2 Nxe4 6. Qxe4 Nd7 7. Bc4 Nf6 8. Qe2 e6 9. d4 Be7 10. c3 0-0 11. h3 b5 12. Bb3 Bb7 13. Be3 b4 14. Rd1 Qa5 15. Qd3 bxc3 16. bxc3 c5 17. Bd2 Be4 18. Qe2 Qb6 19. Ng5 Bg6 20. 0-0 cxd4 21. cxd4 Rfc8 22. Nxe6 fxe6 23. Bxe6+ Kf8 24. Bxc8 Rxc8 25. Rfe1 Re8 26. Qc4 Ne4 27. Be3 Qa5 28. Ra1 Bb4 29. Reb1 Bc3 30. Rb5 Nd6 31. Rab1 0-1

[Event "Jastrzebie Zdroj op 4th"]
[Site "Jastrzebie Zdroj"]
[Date "2021.11.11"]
[Round "6"]
[White "Figa, Karolina"]
[Black "Bala, Bartosz"]
[Result "1/2-1/2"]
[WhiteElo "1355"]
[BlackElo "1260"]
[PlyCount "114"]
[EventDate "2021.11.07"]
[EventType "swiss"]
[EventRounds "9"]
[EventCountry "POL"]
[SourceTitle "CBM 205 Extra"]
[Source "ChessBase"]
[SourceDate "2022.01.31"]
[SourceVersion "1"]
[SourceVersionDate "2022.01.31"]
[SourceQuality "1"]

1. d4 d5 2. c4 e6 3. Nc3 Nf6 4. cxd5 exd5 5. Bg5 Nbd7 6. e3 Be7 7. Bd3 c6 8. Nge2 Nh5 9. Bxe7 Qxe7 10. 0-0 g6 11. Qd2 0-0 12. f3 f5 13. a3 Ndf6 14. Rae1 Bd7 15. Nc1 Rae8 16. Bc2 Qd8 17. Nd3 Bc8 18. b4 a6 19. a4 Qb6 20. Rb1 f4 21. Nxf4 Nxf4 22. exf4 Nh5 23. g3 Re7 24. Rfe1 Rxe1+ 25. Rxe1 Qxb4 26. Re5 Ng7 27. Qe3 Bf5 28. Bd1 Bd7 29. Qd3 Nf5 30. Ne2 Re8 31. Kf2 Rxe5 32. fxe5 c5 33. dxc5 Qxc5+ 34. Ke1 Ne3 35. Bb3 Bf5 36. Qd4 b6 37. Kf2 Qxd4 38. Nxd4 Nc4 39. Ke2 Kf7 40. g4 Bc8 41. h4 Nxe5 42. Bxd5+ Ke7 43. Ke3 Bd7 44. Ke4 Nf7 45. Bb3 b5 46. axb5 axb5 47. Bxf7 Kxf7 48. g5 b4 49. Nb3 Be6 50. Nc5 b3 51. Na4 Bf5+ 52. Ke5 Bc2 53. Nb2 Ke7 54. f4 Kf7 55. Kd5 Bf5 56. Nc4 Bc2 57. Ke5 Ke7 1/2-1/2

[Event "EU-ch Hybrid U10 Girls"]
[Site "Tornelo INT"]
[Date "2021.10.15"]
[Round "6"]
[White "Nahapetyan, Ani"]
[Black "Figa, Karolina"]
[Result "1/2-1/2"]
[WhiteElo "1075"]
[BlackElo "1411"]
[PlyCount "103"]
[EventDate "2021.10.15"]
[EventType "swiss"]
[EventRounds "9"]
[EventCountry "NET"]
[SourceTitle "EXT 2023"]
[Source "ChessBase"]
[SourceDate "2022.10.05"]
[SourceVersion "1"]
[SourceVersionDate "2022.10.05"]
[SourceQuality "1"]
[WhiteTeam "Armenia"]
[BlackTeam "Poland"]
[WhiteTeamCountry "ARM"]
[BlackTeamCountry "POL"]

1. e4 c6 2. d4 d5 3. exd5 cxd5 4. Bd3 Nc6 5. c3 Nf6 6. h3 g6 7. Qc2 Bg7 8. Nf3 0-0 9. 0-0 a6 10. a4 b6 11. Nbd2 Bb7 12. Re1 Rc8 13. Nf1 Re8 14. Be3 Nb4 15. Qe2 Nxd3 16. Qxd3 Ne4 17. N1d2 Nd6 18. b3 b5 19. axb5 axb5 20. Rec1 Qb6 21. Rab1 Qc6 22. Bf4 Ba6 23. b4 Nc4 24. Nxc4 Qxc4 25. Qxc4 Rxc4 26. Ra1 Rc6 27. Kf1 Bc8 28. Ra5 Bf5 29. Ke2 Rb6 30. Rca1 Rc8 31. Kd2 Be4 32. Ne1 Bf5 33. Ra6 Rb7 34. Ra7 Rd7 35. Rxd7 Bxd7 36. Ra7 Bc6 37. Rxe7 Bf6 38. Rc7 Rxc7 39. Bxc7 Bg5+ 40. Kd3 Bd7 41. Nf3 Bf5+ 42. Ke2 Bf6 43. Ke3 Be4 44. Bd6 Bxf3 45. Kxf3 Bg5 46. Ke2 f5 47. g4 fxg4 48. hxg4 Kf7 49. Be5 h5 50. gxh5 gxh5 51. f4 Bh4 52. f5 1/2-1/2

[Event "Bohumin op 4th"]
[Site "Bohumin"]
[Date "2021.07.04"]
[Round "2"]
[White "Figa, Karolina"]
[Black "Raptis, Janis"]
[Result "0-1"]
[WhiteElo "1243"]
[BlackElo "1643"]
[PlyCount "114"]
[EventDate "2021.07.03"]
[EventType "swiss"]
[EventRounds "9"]
[EventCountry "CZE"]
[SourceTitle "CBM 203 Extra"]
[Source "ChessBase"]
[SourceDate "2021.09.30"]
[SourceVersion "1"]
[SourceVersionDate "2021.09.30"]
[SourceQuality "1"]

1. d4 f5 2. Bg5 Nf6 3. Bxf6 exf6 4. e3 d5 5. c4 c6 6. Nc3 Bb4 7. cxd5 Qxd5 8. a3 Bxc3+ 9. bxc3 Qa5 10. Qb3 Na6 11. Bc4 Nc7 12. Ne2 Ke7 13. Rb1 b5 14. Bd3 Be6 15. Qb4+ Qxb4 16. cxb4 a5 17. 0-0 axb4 18. axb4 Nd5 19. Rfc1 Kd6 20. Nc3 g6 21. e4 Nxc3 22. Rxc3 fxe4 23. Bxe4 Bc4 24. f3 Ra2 25. Rcc1 Rha8 26. Bc2 Rxc2 27. Rxc2 Bd3 28. Rbc1 Bxc2 29. Rxc2 Ra4 30. Rb2 Kd5 31. Kf2 Kxd4 32. Rd2+ Ke5 33. Rc2 Kd6 34. Rd2+ Kc7 35. Rd4 c5 36. Rd5 Rxb4 37. Rxc5+ Kd6 38. Rc8 Rc4 39. Rf8 f5 40. Rf6+ Kc5 41. Rf7 b4 42. Rxh7 b3 43. Rc7+ Kd4 44. Rd7+ Kc3 45. Rb7 Kc2 46. h3 b2 47. g4 f4 48. h4 b1Q 49. Rxb1 Kxb1 50. g5 Rc2+ 51. Kg1 Kc1 52. Kh1 Kd1 53. h5 gxh5 54. g6 Rc6 55. Kg2 Rxg6+ 56. Kh3 Ke2 57. Kh4 Kxf3 0-1

[Event "Bohumin op 4th"]
[Site "Bohumin"]
[Date "2021.07.03"]
[Round "1"]
[White "Novak, Jiri1111"]
[Black "Figa, Karolina"]
[Result "1-0"]
[WhiteElo "1997"]
[BlackElo "1243"]
[PlyCount "63"]
[EventDate "2021.07.03"]
[EventType "swiss"]
[EventRounds "9"]
[EventCountry "CZE"]
[SourceTitle "CBM 203 Extra"]
[Source "ChessBase"]
[SourceDate "2021.09.30"]
[SourceVersion "1"]
[SourceVersionDate "2021.09.30"]
[SourceQuality "1"]

1. e4 c6 2. Nf3 d5 3. Nc3 Bg4 4. h3 Bh5 5. exd5 cxd5 6. g4 Bg6 7. Bb5+ Nc6 8. Ne5 Qd6 9. d4 a6 10. Bxc6+ bxc6 11. Bf4 Qf6 12. Qd2 Rc8 13. Na4 Bxc2 14. Nc5 e6 15. Bg5 Bxc5 16. Bxf6 Bxd4 17. Bxg7 Bxb2 18. Bxh8 Bxa1 19. Qxc2 c5 20. Qxh7 Bxe5 21. Qxg8+ Kd7 22. Qxf7+ Kd6 23. Bxe5+ Kxe5 24. 0-0 Rc6 25. Re1+ Kd4 26. Qf4+ Kc3 27. Re3+ Kb2 28. Rb3+ Kc2 29. Qe3 c4 30. Rc3+ Kb1 31. Qc1+ Kxa2 32. Ra3# 1-0